000 00241nam a2200097Ia 4500
005 20251222114404.0
008 251222s1900||||xx |||||||||||||| ||spa||
082 _aDVD0111/D25/2008/Ej.2
245 0 _aMadagascar 2: escape a áfrica:
942 _cDVD
999 _c1749
_d1749